| 000 | 00490nam a22001817a 4500 | ||
|---|---|---|---|
| 005 | 20140306053833.0 | ||
| 008 | 140306b xxu||||| |||| 00| 0 eng d | ||
| 020 | _a978-0-07-174249-8 | ||
| 080 | _a311.15 (075.8) | ||
| 245 | _aStatistical Process Control/ | ||
| 250 | _a1 st.ed. | ||
| 260 |
_aNew York _bMc Graw Hill _c2011 |
||
| 300 |
_a302 f: _bme il.; _c23 cm |
||
| 500 | _a[Përfshin Indeksin f. 291-302] | ||
| 650 | _2Statistikë | ||
| 650 | _2Proceset e Kontrollit | ||
| 942 |
_2udc _cBK |
||
| 999 |
_c406 _d406 |
||